<?xml version="1.0" encoding="UTF-8"?>
<collection xmlns="http://www.loc.gov/MARC21/slim">
<record>
  <controlfield tag="001">163350</controlfield>
  <controlfield tag="005">20251028143404.0</controlfield>
  <datafield tag="024" ind1="8" ind2=" ">
    <subfield code="2">innovaciondocente</subfield>
    <subfield code="a">5581</subfield>
  </datafield>
  <datafield tag="037" ind1=" " ind2=" ">
    <subfield code="a">INNODOC-2024-5581</subfield>
  </datafield>
  <datafield tag="041" ind1=" " ind2=" ">
    <subfield code="a">spa</subfield>
  </datafield>
  <datafield tag="100" ind1=" " ind2=" ">
    <subfield code="0">(orcid)0000-0002-9508-7078</subfield>
    <subfield code="a">Ramos Lorente, Pedro</subfield>
    <subfield code="e">coord.</subfield>
  </datafield>
  <datafield tag="245" ind1=" " ind2=" ">
    <subfield code="a">Implantación de asignaturas en modalidad "English Friendly" y mejora de la proyección exterior del centro.</subfield>
  </datafield>
  <datafield tag="260" ind1=" " ind2=" ">
    <subfield code="a">Zaragoza</subfield>
    <subfield code="b">Universidad de Zaragoza</subfield>
    <subfield code="c">2024</subfield>
  </datafield>
  <datafield tag="520" ind1="3" ind2=" ">
    <subfield code="a">El objetivo de este proyecto es el fortalecimiento de la proyección exterior de la Escuela Universitaria Politécnica de Teruel (EUPT) a través de acciones que mejoren la oferta formativa del centro y la promocionen en el contexto internacional.  El trabajo se desarrolla en varias actuaciones que se coordinan desde la dirección del centro:  - Implantación de una amplia oferta formativa en modalidad "English Friendly" que resulte atractiva para estudiantes extranjeros que quieran hacer una estancia en nuestro centro a través de los convenios.  - Fortalecimiento de nuestra red de contactos de coordinadores en el exterior.  - Desarrollo de un espacio propio en la página web del centro que informe con claridad de las acciones y proyectos de internacionalización.</subfield>
  </datafield>
  <datafield tag="700" ind1=" " ind2=" ">
    <subfield code="0">(orcid)0000-0002-3465-6898</subfield>
    <subfield code="a">Navas Montilla, Adrián</subfield>
  </datafield>
  <datafield tag="700" ind1=" " ind2=" ">
    <subfield code="0">(orcid)0000-0001-9688-2260</subfield>
    <subfield code="a">Blesa Gascón, Alfonso</subfield>
  </datafield>
  <datafield tag="700" ind1=" " ind2=" ">
    <subfield code="0">(orcid)0000-0003-4273-5403</subfield>
    <subfield code="a">Sánchez Tapia, Carlos</subfield>
  </datafield>
  <datafield tag="700" ind1=" " ind2=" ">
    <subfield code="0">(orcid)0000-0001-7671-7540</subfield>
    <subfield code="a">Medrano Sánchez, Carlos Tomás</subfield>
  </datafield>
  <datafield tag="700" ind1=" " ind2=" ">
    <subfield code="0">(orcid)0000-0002-6251-3974</subfield>
    <subfield code="a">Isidoro Ramírez, Daniel</subfield>
  </datafield>
  <datafield tag="700" ind1=" " ind2=" ">
    <subfield code="0">(orcid)0000-0001-5664-6589</subfield>
    <subfield code="a">Naranjo Palomino, Fernando</subfield>
  </datafield>
  <datafield tag="700" ind1=" " ind2=" ">
    <subfield code="0">(orcid)0000-0003-3270-5462</subfield>
    <subfield code="a">Azuara Guillén, Guillermo</subfield>
  </datafield>
  <datafield tag="700" ind1=" " ind2=" ">
    <subfield code="0">(orcid)0000-0002-9408-1280</subfield>
    <subfield code="a">Palacios Navarro, Guillermo</subfield>
  </datafield>
  <datafield tag="700" ind1=" " ind2=" ">
    <subfield code="0">(orcid)0000-0001-7550-6688</subfield>
    <subfield code="a">Plaza García, Inmaculada</subfield>
  </datafield>
  <datafield tag="700" ind1=" " ind2=" ">
    <subfield code="a">Martínez Cesteros, Javier</subfield>
  </datafield>
  <datafield tag="700" ind1=" " ind2=" ">
    <subfield code="0">(orcid)0000-0001-9895-0837</subfield>
    <subfield code="a">Gallardo Casero, Jesús</subfield>
  </datafield>
  <datafield tag="700" ind1=" " ind2=" ">
    <subfield code="0">(orcid)0000-0001-8742-0072</subfield>
    <subfield code="a">Lázaro Plaza, Jesús</subfield>
  </datafield>
  <datafield tag="700" ind1=" " ind2=" ">
    <subfield code="0">(orcid)0000-0001-7657-0075</subfield>
    <subfield code="a">Sangüesa Escorihuela, Julio Alberto</subfield>
  </datafield>
  <datafield tag="700" ind1=" " ind2=" ">
    <subfield code="0">(orcid)0000-0003-3151-607X</subfield>
    <subfield code="a">García-Figueras Rodríguez, María Julieta</subfield>
  </datafield>
  <datafield tag="700" ind1=" " ind2=" ">
    <subfield code="0">(orcid)0000-0002-8704-9274</subfield>
    <subfield code="a">Gil Lalaguna, Noemí</subfield>
  </datafield>
  <datafield tag="700" ind1=" " ind2=" ">
    <subfield code="a">Díaz Benito, Pablo</subfield>
  </datafield>
  <datafield tag="700" ind1=" " ind2=" ">
    <subfield code="0">(orcid)0000-0002-4773-4904</subfield>
    <subfield code="a">Lacuesta Gilaberte, Raquel</subfield>
  </datafield>
  <datafield tag="700" ind1=" " ind2=" ">
    <subfield code="0">(orcid)0000-0002-1561-0536</subfield>
    <subfield code="a">Igual Catalán, Raúl</subfield>
  </datafield>
  <datafield tag="700" ind1=" " ind2=" ">
    <subfield code="a">Martín Ferrer, Raúl</subfield>
  </datafield>
  <datafield tag="700" ind1=" " ind2=" ">
    <subfield code="a">Pérez Pérez, Rubén</subfield>
  </datafield>
  <datafield tag="700" ind1=" " ind2=" ">
    <subfield code="0">(orcid)0000-0002-6280-1474</subfield>
    <subfield code="a">Albiol Pérez, Sergio</subfield>
  </datafield>
  <datafield tag="856" ind1="4" ind2=" ">
    <subfield code="s">102436</subfield>
    <subfield code="u">http://zaguan.unizar.es/record/163350/files/memoria_PIEC_2024_5581.pdf</subfield>
    <subfield code="y">Memoria del proyecto</subfield>
  </datafield>
  <datafield tag="970" ind1=" " ind2=" ">
    <subfield code="a">INNODOC-2024-5581</subfield>
  </datafield>
  <datafield tag="980" ind1=" " ind2=" ">
    <subfield code="a">INNODOC</subfield>
    <subfield code="b">PIEC</subfield>
  </datafield>
</record>
</collection>